En torno a cinco documentos inéditos de Vermudo III / (Record no. 137511)

MARC details
000 -LEADER
campo de control de longitud fija 00800nam a2200205 i 4500
001 - NÚMERO DE CONTROL
campo de control 137511
003 - IDENTIFICADOR DE NÚMERO DE CONTROL
campo de control ES-MaACL
005 - FECHA Y HORA DE LA ÚLTIMA TRANSACCIÓN
campo de control 20230906195403.0
007 - CAMPO FIJO DE DESCRIPCIÓN FÍSICA--INFORMACIÓN GENERAL
campo de control de longitud fija t|
008 - DATOS DE LONGITUD FIJA--INFORMACIÓN GENERAL
campo de control de longitud fija 070214s1949 ag r ||||1| spa d
080 ## - NÚMERO DE LA CLASIFICACIÓN DECIMAL UNIVERSAL
Número de la Clasificación Decimal Universal 929 Vermudo (460.18) III
100 1# - ENTRADA PRINCIPAL--NOMBRE DE PERSONA
Nombre de persona Sánchez Candeira, Alfonso.
9 (RLIN) 102519
245 10 - MENCIÓN DEL TÍTULO
Título En torno a cinco documentos inéditos de Vermudo III /
Mención de responsabilidad, etc. Alfonso Sánchez Candeira.
260 ## - PUBLICACIÓN, DISTRIBUCIÓN, ETC.
Lugar de publicación, distribución, etc. Buenos Aires :
Nombre del editor, distribuidor, etc. Facultad de Filosofía y Letras,
Fecha de publicación, distribución, etc. 1949.
300 ## - DESCRIPCIÓN FÍSICA
Extensión 8 h. ;
Dimensiones 27 cm.
595 ## -
-- Separata de: Cuadernos de historia de España (Sección Española del Instituto de Investigaciones Históricas)
600 04 - PUNTO DE ACCESO ADICIONAL DE MATERIA--NOMBRE DE PERSONA
Nombre de persona Vermudo
Numeración III
Títulos y otros términos asociados al nombre Rey de León.
9 (RLIN) 162612
710 2# - ENTRADA AGREGADA--NOMBRE DE ENTIDAD CORPORATIVA
Nombre de entidad corporativa o nombre de jurisdicción como elemento de entrada Universidad de Buenos Aires.
Unidad subordinada Instituto de Historia de España.
9 (RLIN) 162611
852 ## - LOCALIZACIÓN
Ubicación ES-MaACL
Número de control de estantería 1858-F-19
Holdings
Estatus retirado Estado de pérdida Estado de daño No para préstamo Colección Biblioteca de origen Biblioteca actual Ubicación en estantería Fecha de adquisición Fuente de adquisición Total de préstamos Signatura topográfica completa Código de barras Visto por última vez Precio de reemplazo Tipo de ítem Koha
        Colección de folletos Biblioteca del Ateneo de Madrid Biblioteca del Ateneo de Madrid Depósito folletos 17/01/2008     1858-F-19 1143099 23/02/2023 23/02/2023 Folleto